Motivational strategies in the language classroom
Saved in:
| Main Author | |
|---|---|
| Format | Book |
| Language | English |
| Published |
Cambridge :
Cambridge University Press,
2001
|
| Series | Language teaching library
|
| Subjects | |
| ISBN | 0521790298 0-521-79377-7 |
| Physical Description | 192 s. : il. ; 23 cm |
| LEADER | 00000cam a2200000 u 4500 | ||
|---|---|---|---|
| 001 | 52178 | ||
| 003 | CZ-ZlUTB | ||
| 005 | 20190826001624.0 | ||
| 008 | 011019s2001 xxkad e 001 0 eng | ||
| 020 | |a 0521790298 |q (brož.) | ||
| 020 | |a 0-521-79377-7 |q (brož.) | ||
| 040 | |a StDuBDS |d Uk |d ZLD002 | ||
| 072 | 7 | |a 316.4/.7 |x Sociální interakce. Sociální komunikace |2 Konspekt |9 18 | |
| 080 | |a 159.947.5 |2 MRF | ||
| 080 | |a 316.628 |2 MRF | ||
| 080 | |a 81’24 |2 MRF | ||
| 080 | |a (035) |2 MRF | ||
| 100 | 1 | |a Dörnyei, Zoltán, |d 1960- |7 pna2006362807 |4 aut | |
| 245 | 1 | 0 | |a Motivational strategies in the language classroom / |c Zoltan Dornyei |
| 260 | |a Cambridge : |b Cambridge University Press, |c 2001 | ||
| 300 | |a 192 s. : |b il. ; |c 23 cm | ||
| 490 | 1 | |a Language teaching library | |
| 504 | |a Obsahuje bibliografické odkazy a rejstřík | ||
| 650 | 0 | 7 | |a motivace |7 ph115358 |2 czenas |
| 650 | 0 | 7 | |a jazyková výuka |7 ph162894 |2 czenas |
| 650 | 0 | 4 | |a motivační strategie |
| 655 | 7 | |a příručky |7 fd133209 |2 czenas | |
| 830 | 0 | |a Language teaching library | |
| 910 | |a ZLD002 | ||
| 952 | |0 0 |1 0 |4 0 |6 3166DÖRNYEIZ |7 0 |8 BOOK |9 93427 |a UTBZL |b UTBZL |c 005 |d 2009-05-22 |l 0 |o 316.6/DÖRNYEI,Z. |p 420010124338 |r 2019-08-26 00:00:00 |v 701.00 |w 2019-08-26 |x N:nákup; | 20100831 |y 01 | ||
| 952 | |0 0 |1 0 |4 0 |6 3166DÖRNYEIZ |7 0 |8 BOOK |9 93428 |a UTBZL |b UTBZL |c 006 |d 2009-05-22 |l 4 |m 1 |o 316.6/DÖRNYEI,Z. |p 420010124503 |r 2020-11-30 00:00:00 |s 2020-10-21 |v 701.00 |w 2019-08-26 |x N:nákup; |y 04 | ||
| 992 | |a BK |b SK |d 3 | ||
| 999 | |c 52178 |d 52178 | ||